الإصلاح الإقتصادي بين أوهام الليبرالية الإقتصادية الجديدة و حق الشعوب في الحياة / (Record no. 65301)
[ view plain ]
| 000 -LEADER | |
|---|---|
| fixed length control field | 00666nam a22001817a 4500 |
| 005 - DATE AND TIME OF LATEST TRANSACTION | |
| control field | 20251108171906.0 |
| 008 - FIXED-LENGTH DATA ELEMENTS--GENERAL INFORMATION | |
| fixed length control field | 250721s2003 xx 000 0 ara d |
| 082 14 - DEWEY DECIMAL CLASSIFICATION NUMBER | |
| Classification number | 330.1/حمش |
| 100 1# - MAIN ENTRY--PERSONAL NAME | |
| Personal name | الحمش، منير |
| 245 10 - TITLE STATEMENT | |
| Title | الإصلاح الإقتصادي بين أوهام الليبرالية الإقتصادية الجديدة و حق الشعوب في الحياة / |
| 264 1# - PRODUCTION, PUBLICATION, DISTRIBUTION, MANUFACTURE, AND COPYRIGHT NOTICE | |
| Place of production, publication, distribution, manufacture | دمشق : |
| Name of producer, publisher, distributor, manufacturer | دار الرضا للنشر، |
| Date of production, publication, distribution, manufacture, or copyright notice | 2003. |
| 300 ## - PHYSICAL DESCRIPTION | |
| Extent | 282ص |
| 490 0# - SERIES STATEMENT | |
| Series statement | سلسلة الرضا للمعلومات |
| 650 17 - SUBJECT ADDED ENTRY--TOPICAL TERM | |
| Topical term or geographic name as entry element | الأنظمة الإقتصادية |
| 650 17 - SUBJECT ADDED ENTRY--TOPICAL TERM | |
| Topical term or geographic name as entry element | الظروف الإقتصادية |
| 942 ## - ADDED ENTRY ELEMENTS (KOHA) | |
| Source of classification or shelving scheme | Dewey Decimal Classification |
| Koha item type | Books |
| حالة السحب | حالة الفقدان | مصدر التصنيف | حالة التلف | غير قابل للإعارة | المكتبة الرئيسية | المكتبة الحالية | موقع الرف | تاريخ التزويد | الرقم المتسلسل | Total Checkouts | رقم الإستدعاء | الباركود | تاريخ آخر ظهور | تاريخ الفاتورة | نوع المادة (كوها) |
|---|---|---|---|---|---|---|---|---|---|---|---|---|---|---|---|
| Dewey Decimal Classification | مكتبة أم قصير والمقابلين العامة | مكتبة أم قصير والمقابلين العامة | الإعارة | 06/07/2004 | 589199 | 330.1/حمش | 589199 | 28/07/2025 | 06/07/2004 | Books | |||||
| Dewey Decimal Classification | Unchecked | مكتبة الاميرة بديعة | مكتبة الاميرة بديعة | الإعارة | 28/07/2025 | 589194 | 330.1/حمش | 28/07/2025 | 28/07/2025 | Books | |||||
| Dewey Decimal Classification | Unchecked | مكتبة الجويدة | مكتبة الجويدة | الإعارة | 28/07/2025 | 589195 | 330.1/حمش | 28/07/2025 | 28/07/2025 | Books | |||||
| Dewey Decimal Classification | Unchecked | مكتبة الجويدة | مكتبة الجويدة | الإعارة | 28/07/2025 | 589199 | 330.1/حمش | 28/07/2025 | 28/07/2025 | Books | |||||
| Dewey Decimal Classification | مكتبة الحسن العامة | مكتبة الحسن العامة | الإعارة | 28/07/2025 | 519196 | 330.1/حمش | 519196 | 28/07/2025 | 28/07/2025 | Books | |||||
| Dewey Decimal Classification | مكتبة الحسن العامة | مكتبة الحسن العامة | الإعارة | 28/07/2025 | 589196 | 330.1/حمش | 589196 | 28/07/2025 | 28/07/2025 | Books | |||||
| Dewey Decimal Classification | مكتبة النصر العامة | مكتبة النصر العامة | الإعارة | 28/07/2025 | 589202 | 330.1/حمش | 589202 | 28/07/2025 | 28/07/2025 | Books | |||||
| Dewey Decimal Classification | مكتبة حمزة العامة | مكتبة حمزة العامة | الإعارة | 06/07/2004 | 589197 | 330.1/حمش | 589197 | 28/07/2025 | 06/07/2004 | Books | |||||
| Dewey Decimal Classification | مكتبة صويلح العامة | مكتبة صويلح العامة | الإعارة | 06/07/2004 | 589192 | 330.1/حمش | 589192 | 28/07/2025 | 06/07/2004 | Books |